000 00310nam a2200121Ia 4500
008 220204s9999 xx 000 0 und d
082 _a910.4(410.1)
_bHAG
100 _aHaggart, Stanley
245 0 _aDollarwise guide to England
260 _aNew York
_bFrommer
_c1969
700 _aPorter, Darwin
942 _cBK
999 _c24725
_d24725